Statystyki dla Czy Zgadniesz W Jakim Języku Napisane Jest Dzień Dobry?

Kliknij tutaj aby rozwiązać quiz!

Ogólne statystyki

  • Ten quiz został rozwiązany 1 365 razy
  • Średni wynik to 10 z 15

Statystyki odpowiedzi

HintOdpowiedź% Poprawnych
Dzień DobryPolski
100%
Good morningAngielski
99%
BonjourFrancuski
95%
Guten MorgenNiemiecki
95%
Buenos diasHiszpański
92%
Доброго ранкуUkraiński
90%
좋은 아침Koreański
83%
BuongiornoWłoski
80%
صباح الخيرArabski
79%
ΚαλημέραGrecki
58%
Bom diaPortugalski
56%
Dobro jutroChorwacki
39%
Chào buổi sángWietnamski
37%
Өглөөний мэндMongolski
22%
Maidin mhaithIrlandzki
8%

Rozkład punktacji

Percentyl według liczby udzielonych odpowiedzi

Procent ludzi z każdym wynikiem

Twoja historia wyników

Nie rozwiązałeś tego quizu